Marketing by menu
| Main Author: | |
|---|---|
| Format: | Book |
| Language: | English |
| Published: |
New York :
John Wiley & Sons ,
1999
|
| Edition: | 3rd ed. |
| Subjects: |
MARC
| LEADER | 00000cam a2200000 7i4500 | ||
|---|---|---|---|
| 001 | 0000023514 | ||
| 005 | 20111006.0 | ||
| 008 | 111005s nyua eng | ||
| 020 | |a 0471253308 | ||
| 040 | |a INS | ||
| 090 | 0 | 0 | |a TX911.3.M45 |b S43 1999 |
| 100 | 1 | |a Scanlon, Nancy Loman | |
| 245 | 1 | 0 | |a Marketing by menu |c Nancy Loman Scanlon |
| 250 | |a 3rd ed. | ||
| 260 | |a New York : |b John Wiley & Sons , |c 1999 | ||
| 300 | |a xii, 257p. : |b ill. ; |c 28cm. | ||
| 500 | |a Includes index | ||
| 650 | 0 | |a Food service |x Marketing | |
| 650 | 0 | |a Menus | |
| 650 | 0 | |a Restaurants |x Marketing | |
| 999 | |a 1000000172 |b BOOK |c Open Shelf |e Default branch | ||